Statystyki dla Najlepsi gitarzyści wszechczasów (według magazynu Rolling Stone)

Kliknij tutaj aby rozwiązać quiz!

Ogólne statystyki

  • Ten quiz został rozwiązany 20 razy
  • Średni wynik to 5 z 25

Statystyki odpowiedzi

HintOdpowiedź% Poprawnych
1Jimi Hendrix
100%
3Jimmy Page
53%
5Jeff Beck
40%
15Keith Richards
40%
11Carlos Santana
33%
2Chuck Berry
33%
4Eddie Van Halen
33%
13Tony Iommi
27%
8B.B. King
20%
23James Hetfield and Kirk Hammett
20%
18Tom Morello
20%
25John Frusciante
13%
16Robert Johnson
13%
22Albert King
7%
10Duane Allman
7%
19Freddy King
7%
14Prince
7%
24James Burton
0%
12Jimmy Nolen
0%
9Joni Mitchell
0%
17Mother Maybelle Carter
0%
7Nile Rodgers
0%
21Randy Rhoads
0%
6Sister Rosetta Tharpe
0%
20Stevie Ray Vaughan
0%

Rozkład punktacji

Percentyl według liczby udzielonych odpowiedzi

Procent ludzi z każdym wynikiem

Twoja historia wyników

Nie rozwiązałeś tego quizu